Loading...
| Science - Biology | 1 | 6 | 0 | 2 | 75 | 57 | 90.43 | 4 | 7 | 0.00 | 0.00 |
| Literature - American | 1 | 5 | 0 | 1 | 65 | 73 | 109.50 | 1 | 6 | 0.00 | 0.00 |
| Literature - World | 1 | 4 | 0 | 1 | 55 | 67 | 105.80 | 1 | 3 | 0.00 | 0.00 |
| Fine Arts - Visual | 1 | 4 | 0 | 1 | 55 | 37 | 93.00 | 1 | 2 | 0.00 | 0.00 |
| Literature - European | 1 | 3 | 0 | 1 | 45 | 48 | 97.75 | 1 | 4 | 0.00 | 0.00 |
| Religion | 1 | 2 | 0 | 0 | 35 | 57 | 88.33 | 2 | 3 | 0.00 | 0.00 |
| History - Other | 2 | 0 | 0 | 0 | 30 | 43 | 50.50 | 1 | 2 | 0.00 | 0.00 |
| Literature - British | 1 | 1 | 0 | 0 | 25 | 59 | 74.00 | 2 | 2 | 0.00 | 0.00 |
| Philosophy | 1 | 1 | 1 | 0 | 20 | 41 | 65.50 | 2 | 2 | 0.00 | 0.00 |
| Fine Arts - Auditory | 1 | 0 | 0 | 0 | 15 | 73 | 73.00 | 0 | 1 | 0.00 | 0.00 |
| Fine Arts - Other | 1 | 0 | 0 | 0 | 15 | 90 | 90.00 | 1 | 1 | 0.00 | 0.00 |
| Geography | 1 | 0 | 0 | 0 | 15 | 70 | 70.00 | 0 | 1 | 0.00 | 0.00 |
| History - American | 1 | 0 | 0 | 0 | 15 | 51 | 51.00 | 1 | 1 | 0.00 | 0.00 |
| History - European | 1 | 0 | 0 | 0 | 15 | 55 | 55.00 | 0 | 1 | 0.00 | 0.00 |
| History - World | 1 | 0 | 0 | 0 | 15 | 47 | 47.00 | 1 | 1 | 0.00 | 0.00 |
| Religion- Edited | 1 | 0 | 0 | 0 | 15 | 30 | 30.00 | 1 | 1 | 0.00 | 0.00 |
| Science - Chemistry | 1 | 0 | 0 | 0 | 15 | 63 | 63.00 | 1 | 1 | 0.00 | 0.00 |
| Social Science- Edited | 0 | 1 | 0 | 0 | 10 | 78 | 78.00 | 1 | 1 | 0.00 | 0.00 |
| Science - Other | 1 | 0 | 1 | 0 | 10 | 49 | 49.00 | 1 | 1 | 0.00 | 0.00 |
| Science - Physics | 0 | 1 | 0 | 1 | 10 | 133 | 133.00 | 0 | 1 | 0.00 | 0.00 |
| Popular Culture | 0 | 1 | 0 | 0 | 10 | 132 | 132.00 | 1 | 1 | 0.00 | 0.00 |
| Social Science | 0 | 0 | 0 | 0 | 0 | 0.00 | 0 | 0 | 0.00 | 0.00 |